书目信息 |
| 题名: |
一本书读懂50部日本文学经典
|
|
| 作者: | 陈铭磻 著 | |
| 分册: | ||
| 出版信息: | 北京 现代出版社 2021 |
|
| 页数: | 255页 | |
| 开本: | 21cm | |
| 丛书名: | 精英力系列 | |
| 单 册: | ||
| 中图分类: | I313.06 | |
| 科图分类: | ||
| 主题词: | 日本文学--ri ben wen xue--文学欣赏 | |
| 电子资源: | ||
| ISBN: | 978-7-5143-8963-0 | |
| 000 | 01048nam 2200253 450 | |
| 001 | 2132771289 | |
| 005 | 20211114090615.81 | |
| 010 | @a978-7-5143-8963-0@dCNY48.00 | |
| 100 | @a20210317d2021 em y0chiy50 ea | |
| 101 | 0 | @achi |
| 102 | @aCN@b110000 | |
| 105 | @aa z 000yy | |
| 200 | 1 | @a一本书读懂50部日本文学经典@Ayi ben shu du dong 50 bu ri ben wen xue jing dian@f陈铭磻著 |
| 210 | @a北京@c现代出版社@d2021 | |
| 215 | @a255页@c图 (部分彩图)@d21cm | |
| 225 | 2 | @a精英力系列@Ajing ying li xi lie |
| 306 | @a城邦文化事业股份有限公司布克文化出版事业部授权出版 限中国大陆发行 | |
| 330 | @a本书作者以“旧书不厌百回读,熟读精思子自知”的态度,精选50部日本文学经典,涵盖了从日本中古文学的《枕草子》《源氏物语》,到中世文学《方丈记》《徒然草》,到近世文学《好色一代男》《奥州小道》,再到近现代文学的《金色夜叉》《我是猫》《罗生门》等。 | |
| 410 | 0 | @12001 @a精英力系列 |
| 606 | 0 | @a日本文学@Ari ben wen xue@x文学欣赏 |
| 690 | @aI313.06@v5 | |
| 701 | 0 | @a陈铭磻@Achen ming pan@4著 |
| 801 | 0 | @aCN@bBP@c20210317 |
| 905 | @aZUCC@dI313.06@e2 | |
| 一本书读懂50部日本文学经典/陈铭磻著.-北京:现代出版社,2021 |
| 255页:图 (部分彩图);21cm.-(精英力系列) |
| ISBN 978-7-5143-8963-0:CNY48.00 |
| 本书作者以“旧书不厌百回读,熟读精思子自知”的态度,精选50部日本文学经典,涵盖了从日本中古文学的《枕草子》《源氏物语》,到中世文学《方丈记》《徒然草》,到近世文学《好色一代男》《奥州小道》,再到近现代文学的《金色夜叉》《我是猫》《罗生门》等。 |
| ● |
| 相关链接 |
|
|
|
正题名:一本书读懂50部日本文学经典
索取号:I313.06/2
 
预约/预借
| 序号 | 登录号 | 条形码 | 馆藏地/架位号 | 状态 | 备注 |
| 1 | 2000885701 | 2000885701 | 第一书库/ [索取号:I313.06/2] | 在馆 | |
| 2 | 2000885702 | 2000885702 | 第一书库/ [索取号:I313.06/2] | 在馆 | |
| 3 | 2000885703 | 2000885703 | 第一书库/ [索取号:I313.06/2] | 在馆 |